Culla di parole (Record n. 211024)

Dettagli MARC
000 -LEADER
fixed length control field 01418nam a2200205Ia 4500
001 - CONTROL NUMBER
control field b6056-42183
003 - CONTROL NUMBER IDENTIFIER
control field IT-MiCISF
008 - FIXED-LENGTH DATA ELEMENTS--GENERAL INFORMATION
fixed length control field 161014s9999||||xx |||||||||||||| ||und||
040 ## - CATALOGING SOURCE
Original cataloging agency IT-MiCISF
Transcribing agency IT-MiCISF
041 ## - LANGUAGE CODE
Language code of text/sound track or separate title it
999 ## - SYSTEM CONTROL NUMBERS (KOHA)
Koha Dewey Subclass [OBSOLETE] si
100 ## - MAIN ENTRY--PERSONAL NAME
Personal name Aite Lucia
245 #0 - TITLE STATEMENT
Title Culla di parole
Remainder of title Come accogliere gli inizi difficili della vita
250 ## - EDITION STATEMENT
Edition statement 1a ed.
260 ## - PUBLICATION, DISTRIBUTION, ETC. (IMPRINT)
Place of publication, distribution, etc. Torino
Name of publisher, distributor, etc. Bollati Boringhieri
Date of publication, distribution, etc. 2006
300 ## - PHYSICAL DESCRIPTION
Extent pp. 194
500 ## - GENERAL NOTE
General note / nascita, malattia, servizi-sanitari, genitorialità, operatori-sanitari, esperienze, diagnosi-prenatale, comunicazione / Molte sono le problematiche psicologiche incontrate dai genitori quando, alla nascita o in epoca prenatale, viene diagnosticata al bambino che sta per venire alla luce un'anomalia congenita che richiede un intervento chirurgico alla nascita. Si manifesta allora la necessità di un approccio multidisciplinare che, accanto alle risorse della chirurgia e delle tecniche rianimatorie e diagnostiche, dia ampio spazio agli aspetti umani e relazionali del "prendersi cura", aiutando i neonati e le loro famiglie a vivere il faticoso percorso della malattia. L'A. aiuta a ripercorrere il cammino di queste coppie, facendo conoscere il loro travaglio psicologico, ma anche le risorse di coraggio e volontà che riescono a scoprire in sé lungo il cammino.
650 ## - SUBJECT ADDED ENTRY--TOPICAL TERM
Topical term or geographic name as entry element Dinamiche familiari / salute-cura
Relator term 001
942 ## - ADDED ENTRY ELEMENTS (KOHA)
Koha item type LIBRO
957 ## -
-- 1
999 ## - SYSTEM CONTROL NUMBERS (KOHA)
-- 1
Dati di copia
Withdrawn status Lost status Damaged status Not for loan Home library Current library Date acquired Total Checkouts Full call number Date last seen Price effective from Koha item type Public note
    Buone Condizioni Not For Loan CISF - Milano CISF - Milano 14/10/2016   b6056-42183 14/10/2016 14/10/2016 LIBRO Data import 15.10.2016 / by Epidotti, Vaglietti
CREDITS: SOCIETA' SAN PAOLO Via A.Severo, 58 - ROMA (RM) & PERIODICI SAN PAOLO SRL Via Giotto, 36 MILANO & CISF Via Giotto, 36 MILANO & EDIZIONI SAN PAOLO SRL,  Piazza Soncino, 5 CINISELLO BALSAMO (MI) -- ITALY